00697 2200253 4500001002100000005001500021035002000036007000300056008004100059020002200100082001000122084001600132100002700148245008300175250001000258260003300268300006200301650001200363700002000375990001200395990001200407990001200419990001200431INLIS00000000000532820200921111625 a0010-0220000046ta200921 b 1 ind  a978-979-29-6137-9 a398.2 a398.2 WIN s0 aWINKANDA, Satria Putra1 aKumpulan Dongeng Negeri Rusia /cWinkanda Satria Putra; editor, Dwi Prabantini acet.1 aYogyakarta :bRainbow,c2017 av, 98 hlm. :bilus. ;c23 cm.-- Seri Cerita Dongeng Dunia 4aDONGENG0 aDWI, Prabantini a17039 A a17039 B a17039 C a17039 D